|
|
|
|
| LEADER |
00798nam a22002292a 4500 |
| 001 |
000211772 |
| 003 |
CZ BrMZK |
| 005 |
20100816063644.0 |
| 008 |
010907s1989 xo f slo d |
| 020 |
|
|
|z 80-226-0004-08
|
| 040 |
|
|
|a BOA001
|b cze
|
| 080 |
|
|
|a 914.5 Itálie
|2 MRF
|
| 100 |
1 |
|
|a Pažítka, Mikuláš,
|d 1918-
|7 ola2002152535
|4 aut
|
| 245 |
1 |
0 |
|a Taliansko /
|c autor textu: Mikuláš Pažítka ; fotografie: Juraj Bartoš, Pavol Janek
|
| 250 |
|
|
|a Vyd. 1.
|
| 260 |
|
|
|a Bratislava :
|b ČSTK-Pressfoto,
|c 1989
|
| 300 |
|
|
|a 128 s. ;
|c 32 cm
|
| 700 |
1 |
|
|a Janek, Pavol
|7 mzk2010592180
|4 pht
|
| 700 |
1 |
|
|a Bartoš, Juraj,
|d 1944-
|7 ola2002146882
|4 pht
|
| 910 |
|
|
|a BOA001
|b TK-A-0243.138
|
| 990 |
|
|
|a BK
|
| 996 |
6 |
|
|b 2629994679
|c TK-A-0243.138
|l MZK
|r Sklad / do 24 hodin
|n 0
|w 000211772
|u 000010
|a 1
|e BOA001
|j MZK50
|s P
|